Evolución y características de la población en las provincias de Mendoza y San Juan (Registro nro. 3657)

Detalles MARC
000 -LEADER
fixed length control field 01123 a2200229 4500
001 - CONTROL NUMBER
control field 43168
005 - DATE AND TIME OF LATEST TRANSACTION
control field 20260407155715.0
008 - FIXED-LENGTH DATA ELEMENTS--GENERAL INFORMATION
fixed length control field 260407a2000 arg spa d
003 - CONTROL NUMBER IDENTIFIER
control field AR-UNSa-BCEJYS
040 ## - CATALOGING SOURCE
Original cataloging agency AR-UNSa-BCEJYS
Language of cataloging spa
Transcribing agency AR-UNSa-BCEJYS
080 ## - UNIVERSAL DECIMAL CLASSIFICATION NUMBER
Universal Decimal Classification number 314
Common auxiliary subdivision Demografía. Estudios de población
041 ## - LANGUAGE CODE
Language code of text/sound track or separate title spa
100 1# - MAIN ENTRY--PERSONAL NAME
Personal name Arboit, Lidia
245 10 - TITLE STATEMENT
Title Evolución y características de la población en las provincias de Mendoza y San Juan
Name of part/section of a work (contribuciones para su inventario)
264 #1 - PRODUCTION, PUBLICATION, DISTRIBUTION, MANUFACTURE, AND COPYRIGHT NOTICE
Place of production, publication, distribution, manufacture Mendoza :
Name of producer, publisher, distributor, manufacturer Universidad Nacional de Cuyo
Date of production, publication, distribution, manufacture, or copyright notice 2000
300 ## - PHYSICAL DESCRIPTION
Extent 138 p.
Dimensions 29 cm.
505 ## - FORMATTED CONTENTS NOTE
Formatted contents note 1. Fuentes de información y calidad de los datos utilizados - 2. Evolución de la población - 3. El crecimiento natural - 4. Distribución de la población en la Región de Cuyo - 5. Características socio-demográficas de la población - 6. Movimientos migratorios - 7. Educación - Alfabetización - 8. Población económicamente activa - 9. Marginalidad social - 10. Conclusión final
590 ## - LOCAL NOTE (RLIN)
Local note niveau_biblio:m niveau_hierar:0
700 1# - ADDED ENTRY--PERSONAL NAME
Personal name Trifiró, María Cristina
700 1# - ADDED ENTRY--PERSONAL NAME
Personal name Torreblanca, Norma
942 ## - ADDED ENTRY ELEMENTS (KOHA)
Koha item type
Existencias
Withdrawn status Lost status Damaged status Not for loan Home library Current library Shelving location Date acquired Total checkouts Full call number Barcode Date last seen Price effective from Koha item type
        Biblioteca Prof. Eusebio Cleto del Rey Biblioteca Prof. Eusebio Cleto del Rey   07/04/2026   314 T819 L119712 07/04/2026 07/04/2026 Libro